[Event "Reggio Emilia8889-B"]
[Site "Reggio Emilia"]
[Date "1988.??.??"]
[Round "3"]
[White "Beil, Zdenek"]
[Black "Landenbergue, Claude"]
[Result "1/2-1/2"]
[WhiteElo "2390"]
[BlackElo "2325"]

1.e4 c5 2.Nf3 d6 3.Bb5+ Bd7 4.Bxd7+ Qxd7 5.c4 Nc6 6.Nc3 Nf6 7.d4 cxd4 8.Nxd4 g6
9.f3 Bg7 10.Be3 O-O 11.O-O a6 12.Rc1 Rac8 13.b3 Rfe8 14.Qd2 Qd8 15.Rfd1 Nd7
16.Nd5 Nde5 17.Ne2 Nd7 18.h3 e6 19.Ndc3 Bf8 20.f4 Nc5 21.Rb1 Qa5 22.Qb2 Qc7
23.Bxc5 dxc5 24.e5 Red8 25.Ne4 Be7 26.a3 Rd7 27.Nf2 Rcd8 28.Qc2 Nd4 29.Nxd4 Rxd4
30.Rxd4 Rxd4 31.Nd3 Bh4 32.Kh2 b6 33.a4 h5 34.Rf1 Qd7 35.Rf3 Be7 36.Nf2 Qc6
37.Qc1 Bh4 38.Nd3 Be7 39.Nf2 Bf8 40.Rd3 Rxd3 41.Nxd3 Qe4 42.Qf1 Bh6 43.h4 Qe3
44.Qf3 Qd4 45.Kg3 Bf8 46.Nf2 Be7 47.Kh3 Qa1 48.Qg3 Qe1 49.Qf3 Kg7 50.Qg3 f6
51.exf6+ Bxf6 52.Qf3 Bd4 53.Ne4 Qh1+ 54.Kg3 Bg1 55.Qc3+ Bd4 56.Qf3 Qe1+ 57.Kh3 Qh1+
58.Kg3 Qe1+ 59.Kh3 Qb1 60.Ng5 Qf5+ 61.Kh2 Kh6 62.Qe4 Qxe4 63.Nxe4 Kg7 64.g4 Kf7
65.Kg3 Ke7 66.Kf3 a5 67.Kg3 Bg7 68.Kf3 Bd4 69.Kg3 Bg1 70.Kf3 Bd4 71.Kg3 Bb2
72.Kf3 Bh8 73.Kg3 Ba1 74.Kf3 Bb2 75.Kg3 Bc1 76.Kf3  1/2-1/2

[Event "Reggio Emilia8889-B"]
[Site "Reggio Emilia"]
[Date "1988.??.??"]
[Round "7"]
[White "Wagman, Stuart"]
[Black "Crisan, Alexandru"]
[Result "1/2-1/2"]
[WhiteElo "2215"]
[BlackElo "2305"]

1.e4 c5 2.Nf3 d6 3.Bb5+ Bd7 4.Bxd7+ Nxd7 5.O-O Ngf6 6.Qe2 e6 7.c3 Be7 8.d4 O-O
9.e5 Ne8 10.exd6 Nxd6 11.Rd1 cxd4 12.Nxd4 Re8 13.c4 Qc8 14.b3 Nf8 15.Bb2 Bf6
16.Nc3 Ng6 17.Rac1 Qc5 18.Na4 Qc7 19.Nb5 Nxb5 20.cxb5 Qe7 21.Bxf6 gxf6 22.Rc4 Rad8
23.Rdc1 Qd6 24.h3 Re7 25.Nc5 f5 26.R4c3  1/2-1/2

[Event "Reggio Emilia8889-B"]
[Site "Reggio Emilia"]
[Date "1988.??.??"]
[Round "10"]
[White "Anceschi, Vittorio"]
[Black "Pantaleoni, Claudio"]
[Result "1/2-1/2"]
[WhiteElo "2295"]
[BlackElo "2255"]

1.e4 c5 2.Nf3 d6 3.Bb5+ Bd7 4.Bxd7+ Nxd7 5.c4 Ne5 6.O-O e6 7.Nc3 Ne7 8.d3 N7c6
9.b3 Be7 10.Bb2 O-O 11.Na4 b6 12.Ne1 Bf6 13.Nc2 Qe7 14.f4 Nd7 15.Qf3 Bxb2
16.Nxb2 Rac8 17.Rae1 Qf6 18.Nd1 Rfd8 19.Re2 Ndb8 20.f5 Nd4 21.Nxd4 Qxd4+
22.Kh1 Rf8 23.Ne3 Nd7 24.Ng4 Ne5 25.Nxe5 Qxe5 26.h3 Rce8 27.Qg4 exf5 28.Rxf5 Qa1+
29.Kh2 Re5 30.Qf3 f6 31.Qf2 Rfe8 32.Rf3 a5 33.Rb2 Qd1 34.Qd2 Qxd2 35.Rxd2 Kf7
36.g4 h6 37.Kg3 Ke6 38.Rdf2 h5 39.a4 Rh8 40.h4 hxg4 41.Rf4 Reh5 42.Rxg4 g5
43.hxg5 fxg5 44.Rf5 Rh3+ 45.Kg2 Rxd3 46.Rgxg5 Rh6 47.Rg3 Rxg3+ 48.Kxg3 Rh1
49.Rd5 Rf1 50.Kg4 Rb1 51.Rd3 Rf1 52.Rd5 Rf6 53.Kg3  1/2-1/2

[Event "Saint John op-2"]
[Site "Saint John"]
[Date "1988.??.??"]
[Round "?"]
[White "Shirazi, Kamran G"]
[Black "Koren, Inna"]
[Result "1-0"]
[WhiteElo "2455"]
[BlackElo "2205"]

1.e4 c5 2.Nf3 d6 3.Bb5+ Bd7 4.a4 a6 5.Bxd7+ Nxd7 6.a5 Ngf6 7.d3 b5 8.axb6 Qxb6
9.Nbd2 e6 10.Nc4 Qc6 11.O-O Be7 12.e5 dxe5 13.Nfxe5 Nxe5 14.Nxe5 Qd5 15.Nc4 Nd7
16.Bf4 O-O 17.Re1 Bf6 18.Ra5 Rfc8 19.Qa1 e5 20.Bd2 Rc6 21.Ne3 Qe6 22.Bc3 Bd8
23.Ra4 Bc7 24.b3 Re8 25.f4 f5 26.Nc4 e4 27.dxe4 fxe4 28.Bxg7 Bxf4 29.Na5 Rd6
30.Raxe4 Qxe4 31.Rxe4 Rxe4 32.Nc4 Rg6 33.Qd1 Kxg7 34.Qxd7+ Kh6 35.g3 Bc1
36.Qd1 Bg5 37.Nd6 Be3+ 38.Kg2 Ree6 39.Nf5+ Kg5 40.Qf3 Rgf6 41.h4+ Kg6 42.Qg4+ Kf7
43.Qg7+ Ke8 44.Nxe3  1-0

[Event "Saint John op-2"]
[Site "Saint John"]
[Date "1988.??.??"]
[Round "?"]
[White "Dvorietzky, Mark I"]
[Black "Scholseth, Tor Kristian"]
[Result "0-1"]
[WhiteElo "2475"]
[BlackElo "2265"]

1.e4 c5 2.Nf3 d6 3.Bb5+ Nd7 4.d4 Nf6 5.Nc3 cxd4 6.Qxd4 e6 7.Bg5 Be7 8.O-O-O O-O
9.Rhe1 Qa5 10.Bxd7 Bxd7 11.Bxf6 gxf6 12.e5 fxe5 13.Nxe5 Bc6 14.Rd3 dxe5 15.Qg4+ Kh8
16.Qh5 Rg8 17.Qxf7 Rg7 18.Qxe6 Bg5+ 19.Kb1 Re8 20.Qf5 Qc7 21.Ne4 Bxe4 22.Rxe4 Qf7
23.Qxf7 Rxf7 24.f3 Rf4 25.Re1 Re7 26.c3 e4 27.fxe4 Rfxe4 28.Rxe4 Rxe4 29.g3 Re1+
30.Kc2 Re2+ 31.Kb3 Rxh2 32.Rd7 Bc1  0-1

[Event "Saint John op-2"]
[Site "Saint John"]
[Date "1988.??.??"]
[Round "?"]
[White "Georgiev, Krum"]
[Black "Christiansen, Larry Mark"]
[Result "1/2-1/2"]
[WhiteElo "2490"]
[BlackElo "2575"]

1.e4 c5 2.Nf3 d6 3.Bb5+ Bd7 4.Bxd7+ Nxd7 5.O-O Ngf6 6.Re1 e6 7.c4 Ne5 8.d3 Be7
9.Nc3 Nfd7 10.Be3 O-O 11.a3 Nxf3+ 12.Qxf3 Bf6 13.Rec1 Ne5 14.Qd1 Nc6 15.Rab1 Rc8
16.b4 b6 17.Ne2 Qd7 18.h3 g6 19.Qb3 Rfd8 20.Rd1 Qb7 21.Rbc1 Bg7 22.Rc2 h6
23.Bd2 Qe7 24.Bc3 Bxc3 25.Rxc3 Qf6 26.Rcc1 h5 27.Rb1 Kg7 28.Qc3 Qxc3 29.Nxc3 g5
30.Kf1 Kf6 31.Ke2 Nd4+ 32.Kd2 Ke5 33.a4 Nc6 34.b5 Nd4 35.Rb2 f5 36.a5 fxe4
37.dxe4 Rf8 38.Ke3 g4 39.Rh1 g3 40.f3 Ra8 41.Ra1  1/2-1/2

[Event "Sarajevo"]
[Site "Sarajevo"]
[Date "1988.??.??"]
[Round "?"]
[White "Romanishin, Oleg M"]
[Black "Dorfman, Josif D"]
[Result "1/2-1/2"]
[WhiteElo "2570"]
[BlackElo "2520"]

1.e4 c5 2.Nf3 d6 3.Bb5+ Bd7 4.Bxd7+ Nxd7 5.O-O Ngf6 6.d3 g6 7.c3 Bg7 8.Re1 O-O
9.d4 Rc8 10.h3 b5 11.e5 Ne8 12.Qe2 dxe5 13.dxe5 Nc7 14.Nbd2 c4 15.b3 Nd5
16.bxc4 bxc4 17.Nxc4 Nxc3 18.Qd3 Nb6 19.Qxd8 Rfxd8 20.Nxb6  1/2-1/2

[Event "Sas van Gent"]
[Site "Sas van Gent"]
[Date "1988.??.??"]
[Round "5"]
[White "Weemaes, Ronald"]
[Black "Cardon, Helmut"]
[Result "1/2-1/2"]
[WhiteElo "2340"]
[BlackElo "2360"]

1.e4 c5 2.Nf3 d6 3.Bb5+ Nc6 4.O-O Bd7 5.c3 Nf6 6.Re1 a6 7.Bxc6 Bxc6 8.d3 e6
9.Nbd2 Be7 10.d4 cxd4 11.Nxd4 Qc7 12.Nxc6 Qxc6 13.Nf3 O-O 14.Bg5  1/2-1/2

[Event "Schoeneck op"]
[Site "Schoeneck"]
[Date "1988.??.??"]
[Round "1"]
[White "Brunner, Lucas"]
[Black "Degenhardt, Horst"]
[Result "1-0"]
[WhiteElo "2425"]
[BlackElo "2275"]

1.e4 c5 2.Nf3 d6 3.Bb5+ Bd7 4.c4 Nf6 5.Nc3 Nc6 6.d4 cxd4 7.Nxd4 g6 8.f3 Bg7
9.Be3 O-O 10.O-O Nxd4 11.Bxd4 Be6 12.Nd5 Bxd5 13.cxd5 a6 14.Be2 Nd7 15.Bxg7 Kxg7
16.Qd4+ Kg8 17.Rfc1 Rc8 18.b4 Qb6 19.Qxb6 Nxb6 20.Kf2 Rxc1 21.Rxc1 Rc8 22.Rxc8+ Nxc8
23.a4 Kf8 24.Ke3 e6 25.dxe6 fxe6 26.e5 Ke7 27.f4 Nb6 28.Bf3 dxe5 29.fxe5 Nd5+
30.Bxd5 exd5 31.Kd4 Ke6 32.a5  1-0

[Event "Rilton Cup"]
[Site "Stockholm"]
[Date "1988.??.??"]
[Round "?"]
[White "Beijar, Kim"]
[Black "Ziegler, Ari"]
[Result "0-1"]
[WhiteElo "2200"]
[BlackElo "2260"]

1.e4 c5 2.Nf3 d6 3.Bb5+ Bd7 4.Bxd7+ Qxd7 5.O-O Nc6 6.d3 g6 7.a4 Bg7 8.Na3 e6
9.Nc4 Nge7 10.Bf4 Nc8 11.Qd2 h6 12.c3 e5 13.Be3 f5 14.Nh4 Bf6 15.Nxg6 Rg8
16.f4 Rxg6 17.exf5 Rg8 18.Rae1 Nb6 19.Nxe5 dxe5 20.fxe5 Bxe5 21.Bf4 O-O-O  0-1

[Event "DDR-ch (Women)"]
[Site "Stralsund"]
[Date "1988.??.??"]
[Round "8"]
[White "Kunze, Kerstin"]
[Black "Seidemann, Ulrike"]
[Result "1/2-1/2"]
[WhiteElo "2180"]
[BlackElo "2080"]

1.e4 c5 2.Nf3 d6 3.Bb5+ Bd7 4.Bxd7+ Qxd7 5.O-O Nc6 6.c3 Nf6 7.Re1 e5 8.d4 g6
9.Bg5 Bg7 10.Qd2 h6 11.Bxf6 Bxf6 12.dxc5 dxc5 13.Qe3 Qe7 14.Na3 Bg7 15.Rad1 O-O
16.Rd5 b6 17.h3 Rad8 18.Red1 f5 19.Nc4 Qe6 20.b3 fxe4 21.Qxe4 Rxd5 22.Qxd5 Qxd5
23.Rxd5 e4 24.Nfe5 Nxe5 25.Nxe5 g5 26.c4 Re8 27.Ng4 Re7 28.Kf1 Kh7 29.Ke2 Re6
30.Ne3 Kg6 31.Rd7 a6 32.a4 b5 33.Rc7 bxa4 34.bxa4 Bd4 35.Nd5 h5 36.Ne7+ Kf6
37.Nd5+  1/2-1/2

[Event "URS Cup rapid"]
[Site "Tallinn"]
[Date "1988.??.??"]
[Round "9"]
[White "Romanishin, Oleg M"]
[Black "Epishin, Vladimir"]
[Result "1/2-1/2"]
[WhiteElo "2570"]
[BlackElo "2475"]

1.e4 c5 2.Nf3 d6 3.Bb5+ Bd7 4.Bxd7+ Qxd7 5.O-O Nc6 6.c3 d5 7.exd5 Qxd5 8.d4 e6
9.Qa4 Nf6 10.Be3 cxd4 11.Nxd4 Qd7 12.Nb5 a6 13.Rd1 Qc8 14.Nd4 b5 15.Qc2 Be7
16.a4 O-O 17.axb5 Nxd4 18.Bxd4 axb5 19.Rxa8 Qxa8 20.Nd2 Rc8 21.Nf3  1/2-1/2

[Event "Tbilisi"]
[Site "Tbilisi"]
[Date "1988.??.??"]
[Round "?"]
[White "Romanishin, Oleg M"]
[Black "Conquest, Stuart"]
[Result "0-1"]
[WhiteElo "2550"]
[BlackElo "2490"]

1.e4 c5 2.Nf3 d6 3.Bb5+ Bd7 4.Bxd7+ Nxd7 5.O-O Ngf6 6.d3 e6 7.c4 Be7 8.Nc3 O-O
9.Rb1 a6 10.a3 Qc7 11.Qe2 Rab8 12.Bd2 Ne5 13.Nxe5 dxe5 14.f4 Nd7 15.f5 b5
16.Qg4 Nf6 17.Qh3 b4 18.axb4 cxb4 19.Nd1 Rbd8 20.Bg5 Qd7 21.Nf2 exf5 22.exf5 Ne8
23.Bxe7 Qxe7 24.Ra1 Nc7 25.Qe3 f6 26.Ne4 Rd4 27.Rf3 Rfd8 28.Qe2 R8d7 29.Kh1 Qd8
30.Nc5 Re7 31.h3 Qd6 32.Ne4 Qb6 33.Qc2 Red7 34.Qb3 Kf8 35.Rc1 a5 36.Kh2 Na6
37.c5 Qc6 38.Qe6 Qxe6 39.fxe6 Rc7 40.c6 Ke7 41.g4 Kxe6 42.b3 Nb8 43.Rf2 Rxc6
44.Rxc6+ Nxc6 45.Rc2 Ne7 46.Rc7 Kf7 47.Nc5 g6 48.Ra7 Rd5 49.Rxa5 Nc6 50.Rb5 f5
51.Rb7+ Kf6 52.Nd7+ Kg5 53.Nf8 Rxd3 54.Nxh7+ Kh4 55.gxf5 gxf5 56.Rb6 Rxh3+
57.Kg2 Rc3 58.Nf6 Kg5 59.Nd5 Rc2+ 60.Kf1 e4 61.Rb5 Rb2 62.Rb6 Ne5 63.Rxb4 Kg4
64.Rb5 Rd2 65.Nc3 Rc2 66.Nd1 Kf4 67.b4 Nc4 68.Ke1 e3 69.Rc5 Ke4 70.b5 f4
71.Rc8 Kf3 72.b6 Rh2 73.Nxe3 Nxe3  0-1

[Event "Thessaloniki ol (Men)"]
[Site "Thessaloniki"]
[Date "1988.??.??"]
[Round "1"]
[White "Haugli, Petter"]
[Black "Pineau, Jacques"]
[Result "1-0"]
[WhiteElo "2330"]
[BlackElo "2200"]

1.e4 c5 2.Nf3 d6 3.Bb5+ Bd7 4.Bxd7+ Qxd7 5.c4 g6 6.Nc3 Bg7 7.d4 cxd4 8.Nxd4 Nf6
9.f3 O-O 10.Be3 Nc6 11.O-O Nxd4 12.Bxd4 Qc6 13.b3 Rfe8 14.Qd2 Nd7 15.Bxg7 Kxg7
16.Kh1 Kh8 17.f4 Rad8 18.Rf3 Qc5 19.Raf1 a6 20.Rh3 b5 21.cxb5 axb5 22.Qe1 e6
23.Qh4 h5 24.f5 exf5 25.exf5 Qe5 26.fxg6 fxg6 27.Rg3 Kg7 28.Qb4 Rf8 29.Rd1 Rc8
30.Qe4 Qxe4 31.Nxe4 Rc2 32.h3 Rxa2 33.Rxd6 Nf6 34.Nc5 Re8 35.Ne6+ Kf7 36.Ng5+ Kg7
37.Ne6+ Kf7 38.Ng5+ Kg7 39.Rf3 Re5 40.Ne6+ Kf7 41.Nd8+  1-0

[Event "Thessaloniki ol (Men)"]
[Site "Thessaloniki"]
[Date "1988.??.??"]
[Round "3"]
[White "Weemaes, Ronald"]
[Black "Chavez, Romelio"]
[Result "1-0"]
[WhiteElo "2340"]
[BlackElo "2225"]

1.e4 c5 2.Nf3 d6 3.Bb5+ Nc6 4.O-O e5 5.c3 Qb6 6.Na3 a6 7.Bxc6+ Qxc6 8.d4 exd4
9.cxd4 Be7 10.d5 Qc7 11.e5 b5 12.Bf4 Bg4 13.Qe1 Kf8 14.Qe4 Bxf3 15.Qxf3 Rd8
16.Qg3 h5 17.Rac1 c4 18.b3 h4 19.exd6 Bxd6 20.Bxd6+ Qxd6 21.Qxd6+ Rxd6 22.bxc4 bxc4
23.Rxc4 g5 24.Rd1 Ne7 25.Rc5 Rhh6 26.Nc4 Rd8 27.d6 Nc8 28.Rxg5 Nxd6 29.Rgd5 Ke7
30.Kf1 Nb7 31.Rxd8 Nxd8 32.Ne3 Rh8 33.Nf5+ Ke6 34.Nxh4 Rxh4 35.Rxd8 Ke7 36.Rd3 Rxh2
37.Rh3 Rxh3 38.gxh3 Kf6 39.Kg2 Kf5 40.Kg3 a5 41.a4 Kg5 42.h4+ Kh5 43.Kh3 Kh6
44.Kg4 Kg6 45.h5+ Kh6 46.Kh4 f6 47.Kg4  1-0

[Event "Thessaloniki ol (Men)"]
[Site "Thessaloniki"]
[Date "1988.??.??"]
[Round "7"]
[White "Djurhuus, Rune"]
[Black "Danner, Georg"]
[Result "1-0"]
[WhiteElo "2305"]
[BlackElo "2400"]

1.e4 c5 2.Nf3 d6 3.Bb5+ Bd7 4.Bxd7+ Qxd7 5.O-O Nc6 6.c3 Nf6 7.d4 cxd4 8.cxd4 Nxe4
9.d5 Ne5 10.Re1 Nf6 11.Nc3 g6 12.Nxe5 dxe5 13.Rxe5 Bg7 14.Qe2 Ng4 15.Re4 Bxc3
16.bxc3 Nf6 17.Rd4 O-O 18.c4 Rfe8 19.Bb2 Rac8 20.Rad1 Qf5 21.g3 e5 22.dxe6 Rxe6
23.Qd2 g5 24.Rd6 Rc6 25.Rd8+ Ne8 26.Rd5 Qf3 27.Rxg5+ Kf8 28.Bc3 Rg6 29.Rxg6 hxg6
30.Qh6+ Ke7 31.Bb4+ Nd6 32.Qd2 Qf6 33.h4 a5 34.Ba3 b6 35.g4 Kd7 36.Kg2 Qe6
37.Bxd6 Rxd6 38.Qxd6+ Qxd6 39.Rxd6+ Kxd6 40.h5 gxh5 41.gxh5 Ke5 42.Kg3 a4
43.Kg4 Kf6 44.a3 Kg7 45.Kg5 Kh7 46.f4 Kg7 47.h6+ Kh7 48.Kf6  1-0

[Event "Thessaloniki ol (Men)"]
[Site "Thessaloniki"]
[Date "1988.??.??"]
[Round "13"]
[White "Djurhuus, Rune"]
[Black "O'Donnell, Tom"]
[Result "0-1"]
[WhiteElo "2305"]
[BlackElo "2385"]

1.e4 c5 2.Nf3 d6 3.Bb5+ Bd7 4.Bxd7+ Qxd7 5.c4 Nc6 6.d4 cxd4 7.Nxd4 Nf6 8.Nc3 e6
9.O-O Be7 10.Be3 O-O 11.f3 Rfd8 12.Qe2 b6 13.Rfd1 Qb7 14.Rac1 a6 15.b3 Rab8
16.a4 Nd7 17.Rb1 Bf6 18.Qf2 Rbc8 19.Nde2 Be7 20.g4 Nb4 21.Nc1 h6 22.Kg2 Rf8
23.h4 f5 24.exf5 Ne5 25.Qg3 Nc2 26.Bd2 Nd4 27.Rf1 Bxh4 28.Qh3 h5 29.gxh5 Ndxf3
30.Rxf3 Rxf5 31.Nd5 Nxf3 32.Qxf5 exf5 33.Kxf3 Qf7 34.Nf4 Qe7  0-1

[Event "CSR-ch"]
[Site "Trinec"]
[Date "1988.??.??"]
[Round "13"]
[White "Haba, Petr"]
[Black "Plachetka, Jan"]
[Result "1/2-1/2"]
[WhiteElo "2470"]
[BlackElo "2400"]

1.e4 c5 2.Nf3 d6 3.Bb5+ Bd7 4.Bxd7+ Nxd7 5.c4 e5 6.Nc3 g6 7.Rb1 Bh6 8.a3 Ngf6
9.b4 b6 10.d3 Bxc1 11.Qxc1 O-O 12.O-O Nh5  1/2-1/2

[Event "Tirnavia-C"]
[Site "Trnava"]
[Date "1988.??.??"]
[Round "2"]
[White "Franzen, Josef"]
[Black "Raicevic, Momcilo"]
[Result "1/2-1/2"]
[WhiteElo "2310"]
[BlackElo "2365"]

1.e4 c5 2.Nf3 d6 3.Bb5+ Nc6 4.O-O Bd7 5.c3 Nf6 6.Re1 a6 7.Ba4 b5 8.Bc2 Bg4
9.h3 Bxf3 10.Qxf3 Rc8 11.d3 g6 12.Bg5 Bg7 13.Nd2 O-O 14.a4 b4 15.Bb3 Na5
16.Ba2 bxc3 17.bxc3 Nd7 18.Rec1 Nb6 19.Qd1 Qd7 20.Nf3 c4 21.d4 Nxa4 22.Nd2 Rc7
23.Rab1 Rfc8 24.Rb4 Nb3 25.Nxb3 cxb3 26.Qxb3 Nxc3 27.Qxf7+ Kh8 28.Be6 Qe8
29.Qxe8+ Rxe8 30.Kh2 a5 31.Rb3 Bxd4 32.Bd2 Nxe4 33.Rxc7 Nxd2 34.Rbb7 Bxf2
35.g3 Bc5 36.Bf7 Rf8 37.Rxe7 Nf3+ 38.Kh1 Ne5 39.Kg2 Nxf7 40.Rxf7 Rxf7 41.Rxf7 Kg8
42.Rb7 a4 43.Kf3 a3 44.Ke4 h5  1/2-1/2

[Event "URS-ch otbor56"]
[Site "Uzhgorod"]
[Date "1988.??.??"]
[Round "?"]
[White "Rozentalis, Eduardas"]
[Black "Basin, Leonid"]
[Result "1/2-1/2"]
[WhiteElo "2490"]
[BlackElo "2350"]

1.e4 c5 2.Nf3 d6 3.Bb5+ Bd7 4.Bxd7+ Qxd7 5.O-O Nf6 6.e5 dxe5 7.Nxe5 Qd8 8.Nc3 Nbd7
9.Nc4 e6 10.Qf3 Rb8 11.a4 Nb6 12.d3 Nbd5 13.Qg3 Nxc3 14.bxc3 Nd5 15.Bd2 Qc7
16.Qxc7 Nxc7 17.Rfb1 f6 18.Na5 b6 19.Nc6 Ra8 20.a5 b5 21.a6 Kd7 22.Na5 Be7
23.c4 b4 24.Nb3 e5 25.f4 exf4 26.Bxf4 Ne6 27.Be3 Rhc8 28.Ra5 Rab8 29.Rd1 Ke8
30.Re1 Kf7 31.Re2 Rc6 32.d4 cxd4 33.Nxd4 Nxd4 34.Bxd4 Rd8 35.Bxa7  1/2-1/2

[Event "URS-ch otbor56"]
[Site "Uzhgorod"]
[Date "1988.??.??"]
[Round "?"]
[White "Shabanov, Yuri"]
[Black "Gurevich, Vladimir"]
[Result "0-1"]
[WhiteElo "2395"]
[BlackElo "2400"]

1.e4 c5 2.Nf3 d6 3.Bb5+ Bd7 4.Bxd7+ Qxd7 5.O-O Nc6 6.c4 Nf6 7.Nc3 e6 8.d4 cxd4
9.Nxd4 Be7 10.b3 O-O 11.Be3 a6 12.Qe2 Rab8 13.Rfd1 Rfc8 14.Rac1 b6 15.f4 Qb7
16.Kh1 Nxd4 17.Bxd4 Rc6 18.e5 dxe5 19.fxe5 Nd7 20.Ne4 Nf8 21.Rf1 Ng6 22.c5 bxc5
23.Nxc5 Bxc5 24.Bxc5 Rbc8 25.b4 Qb5 26.Qe3 h6 27.Rcd1 R6c7 28.Rf3 Qa4 29.Rd2 a5
30.a3 axb4 31.axb4 Qa1+ 32.Qg1 Qxe5 33.Bd6 Qg5 34.Rd1 Rc2 35.Bc5 Ra8 36.Rf2 Raa2
37.Rxc2 Rxc2  0-1

[Event "URS-ch otbor56"]
[Site "Uzhgorod"]
[Date "1988.??.??"]
[Round "?"]
[White "Shabanov, Yuri"]
[Black "Magerramov, Elmar"]
[Result "1/2-1/2"]
[WhiteElo "2395"]
[BlackElo "2430"]

1.e4 c5 2.Nf3 d6 3.Bb5+ Bd7 4.Bxd7+ Qxd7 5.O-O Nf6 6.Re1 Nc6 7.d4 cxd4 8.Nxd4 g6
9.c4 Bg7 10.Nc3 O-O 11.Nc2 Rac8 12.b3 Nh5 13.Bb2 f5 14.Rb1 Ne5 15.Qd2 fxe4
16.Nxe4 Nf4 17.Bxe5 Bxe5 18.Ne3 b5 19.g3 Ne6 20.Qd5 Kh8 21.Ng4 Bg7 22.Nxd6 exd6
23.Rxe6 bxc4 24.bxc4 Qa4 25.Rb7 Rxc4 26.Ree7 Rc1+ 27.Kg2 Qxg4 28.Rxg7 Rxf2+
29.Kxf2 Rc2+ 30.Kg1 Rc1+  1/2-1/2

[Event "Nordic-tt"]
[Site "Aabybro"]
[Date "1989.??.??"]
[Round "?"]
[White "Fries Nielsen, Jens Ove"]
[Black "Petursson, Margeir"]
[Result "1/2-1/2"]
[WhiteElo "2425"]
[BlackElo "2580"]

1.e4 c5 2.Nf3 d6 3.Bb5+ Nc6 4.O-O Bd7 5.c3 Nf6 6.Re1 a6 7.Bf1 Bg4 8.d3 e5
9.Nbd2 Be7 10.h3 Bh5 11.Nc4 O-O 12.Bg5 Ne8 13.Bxe7 Nxe7 14.Be2 b5 15.Ne3 Nc7
16.a4 Ne6 17.g3 Rb8 18.axb5 axb5 19.h4 f6 20.Nd2 Bf7 21.Bf3 Nc7 22.Ndf1 Qd7
23.d4 Qc6 24.b4 Qb6 25.d5 Ra8 26.Qd2 Ra7 27.h5 h6 28.g4 Rfa8 29.Rxa7 Rxa7
30.Ng3 Kh7 31.Be2 Ra3 32.Rb1 Be8 33.Qc1 Ra2 34.Ra1 Rxa1 35.Qxa1 Bd7 36.Qb2 Qa7
37.Nc2 Nc8 38.Ne3 Ne7 39.Kg2 Kg8 40.Nc2 Nc8 41.Ne3 Ne7 42.Kg1  1/2-1/2

[Event "Aarhus op"]
[Site "Aarhus"]
[Date "1989.??.??"]
[Round "7"]
[White "Nielsen, J."]
[Black "Schandorff, Lars"]
[Result "1-0"]
[WhiteElo "2260"]
[BlackElo "2435"]

1.e4 c5 2.Nf3 d6 3.Bb5+ Nc6 4.O-O Bd7 5.c4 g6 6.d4 cxd4 7.Nxd4 Bg7 8.Be3 Nf6
9.f3 O-O 10.Nc3 Rc8 11.Bxc6 bxc6 12.c5 Qc7 13.cxd6 exd6 14.Rc1 Qb8 15.Qd2 Rfe8
16.Rfe1 Re7 17.Kh1 Be8 18.Bg5 Rb7 19.b3 Nd7 20.Bh6 Be5 21.f4 Bh8 22.Re3 Nf6
23.h3 Bd7 24.Rce1 c5 25.Nf5 Bxf5 26.exf5 Bg7 27.Bxg7 Kxg7 28.g4 gxf5 29.Qb2 Kg8
30.gxf5 Re8 31.Nd5  1-0

[Event "Alma-Ata"]
[Site "Alma-Ata"]
[Date "1989.??.??"]
[Round "2"]
[White "Machulsky, Anatoly D"]
[Black "Ubilava, Elizbar"]
[Result "1/2-1/2"]
[WhiteElo "2450"]
[BlackElo "2515"]

1.e4 c5 2.Nf3 d6 3.Bb5+ Bd7 4.Bxd7+ Nxd7 5.O-O Ngf6 6.Qe2 g6 7.c4 Bg7 8.Nc3 O-O
9.d4 cxd4 10.Nxd4 a6 11.Be3 e6 12.Rac1 d5 13.exd5 exd5 14.Nxd5  1/2-1/2

[Event "OHRA-B"]
[Site "Amsterdam"]
[Date "1989.??.??"]
[Round "?"]
[White "Visser, Yge"]
[Black "Nijboer, Friso"]
[Result "0-1"]
[WhiteElo "2335"]
[BlackElo "2475"]

1.e4 c5 2.Nf3 d6 3.Bb5+ Bd7 4.Bxd7+ Nxd7 5.O-O Ngf6 6.Re1 e6 7.b3 Be7 8.Bb2 O-O
9.c4 a6 10.d4 b5 11.Na3 bxc4 12.Nxc4 Nxe4 13.Rxe4 d5 14.Rg4 h5 15.Rg3 dxc4
16.Qd2 Bf6 17.Qh6 h4 18.Nxh4 cxd4 19.bxc4 Qb8  0-1

[Event "EU-ch U20"]
[Site "Arnhem"]
[Date "1989.??.??"]
[Round "?"]
[White "Pedzich, Dominik"]
[Black "Agnos, Demetrios"]
[Result "1-0"]
[WhiteElo "2365"]
[BlackElo "2375"]

1.e4 c5 2.Nf3 d6 3.Bb5+ Bd7 4.Bxd7+ Qxd7 5.O-O Nc6 6.c3 Nf6 7.d4 cxd4 8.cxd4 d5
9.e5 Ne4 10.Be3 e6 11.Ne1 f6 12.f3 Ng5 13.Nd3 Nf7 14.f4 f5 15.Nd2 Be7 16.Nf3 b6
17.Rf2 O-O 18.h3 Kh8 19.g4 g6 20.Rg2 Rg8 21.Kh2 Nb4 22.Nxb4 Bxb4 23.Rc1 Be7
24.Qd3 Rac8 25.Rgc2 Qb7 26.Kg3 Rgd8 27.Bd2 Kg7 28.b4 Rxc2 29.Qxc2 Rd7 30.a4 Nd8
31.Ne1 Nf7 32.Nd3 h6 33.Kh2 Kh7 34.gxf5 gxf5 35.b5 Ba3 36.Rg1 Nd8 37.Bb4 Bxb4
38.Nxb4 Rg7 39.Rxg7+ Kxg7 40.Qc3 Kh7 41.Na6 Kg8 42.Qc7 Qxc7 43.Nxc7 Kf7 44.Kg3 Nb7
45.Na6 Na5 46.Nb4 Nc4 47.Nc6 Ke8 48.Kh4 Ne3 49.Nxa7 Kd7 50.Nc6 Ng2+ 51.Kg3 Ne3
52.a5 bxa5 53.Nxa5 Kc7 54.Nb3 Nc2 55.Kf2 Kb6 56.Ke2 Kxb5 57.Kd2 Nb4 58.Nc5 Kc4
59.Nxe6 Nc6 60.Ke3 Kc3 61.Nc7 Kc4 62.Ne6 Kc3 63.h4 Ne7 64.Nd8 h5 65.Ne6 Nc6
66.Ng7 Nxd4 67.e6 Nc6 68.Nxf5 d4+ 69.Ke4 d3 70.e7  1-0

[Event "EU-ch U20"]
[Site "Arnhem"]
[Date "1989.??.??"]
[Round "?"]
[White "Pedzich, Dominik"]
[Black "Stangl, Markus"]
[Result "1/2-1/2"]
[WhiteElo "2365"]
[BlackElo "2375"]

1.e4 c5 2.Nf3 d6 3.Bb5+ Bd7 4.Bxd7+ Nxd7 5.O-O Ngf6 6.Qe2 e6 7.b3 Be7 8.Bb2 O-O
9.c4 a6 10.Nc3 Re8 11.d4 cxd4 12.Nxd4 Qb6 13.Na4 Qa7 14.Rad1 Rad8 15.Kh1 Bf8
16.f3 Qb8 17.Rde1 g6 18.Nc3 Bg7 19.Qf2 Ne5 20.Rd1 h5 21.Qg3 Qa7 22.Bc1 Qc5
23.Na4 Qc7 24.Be3 Qb8 25.Nc3 Rc8 26.a4 Ned7 27.Nde2 Ne5 28.Bf4 Qc7 29.Rd2 Qb6
30.Rb1 Nfd7 31.Qe1 Bf8 32.Qd1 Qd8 33.Qg1 Qf6 34.Qf2 Nc5 35.Qe3 Be7 36.Bxe5 Qxe5
37.f4 Qg7 38.b4 Nd7 39.c5 d5 40.exd5 exd5 41.Qf3 a5 42.Nxd5 Bf8 43.bxa5 Nxc5
44.Nec3 f5 45.Re2 Qf7 46.Rbe1 Rxe2 47.Qxe2 Rc6 48.Qf3 Re6 49.Rxe6 Qxe6 50.h3 Bg7
51.Kh2 Qe1 52.Qg3  1/2-1/2

[Event "AUT-chT"]
[Site "?"]
[Date "1989.??.??"]
[Round "?"]
[White "Brestian, Egon"]
[Black "Robatsch, Karl"]
[Result "0-1"]
[WhiteElo "2465"]
[BlackElo "2400"]

1.e4 c5 2.Nf3 d6 3.Bb5+ Bd7 4.Bxd7+ Nxd7 5.O-O Ngf6 6.Re1 e6 7.c4 Ne5 8.d3 Be7
9.Nc3 Nfd7 10.h3 Nxf3+ 11.Qxf3 O-O 12.Qe2 Bf6 13.f4 a6 14.a4 Nb8 15.Kh1 Nc6
16.Be3 Bd4 17.Rf1 Bxe3 18.Qxe3 Nd4 19.Qg3 b5 20.Rae1 Qd7 21.Qf2 Rae8 22.Qd2 Re7
23.Rf2 f5 24.g3 Ref7 25.Qd1 fxe4 26.Nxe4 e5 27.Kh2 exf4 28.Rxf4 Nf3+ 29.Rxf3 Rxf3
30.Ng5 Rf2+ 31.Kg1 Qf5 32.Ne4 Qxh3 33.Nxf2 Qxg3+ 34.Kh1 Rxf2 35.Re8+ Kf7
36.Qh5+ Qg6 37.Qh3 Kxe8 38.Qe3+ Kd7 39.Qxf2 Qxd3 40.b3 Kc7 41.a5 Qxb3 42.Qf7+ Kb8
43.Qf8+ Kb7  0-1

[Event "FRG-ch"]
[Site "Bad Neuenahr"]
[Date "1989.??.??"]
[Round "?"]
[White "Maier, Christian"]
[Black "Sehner, Norbert"]
[Result "1/2-1/2"]
[WhiteElo "2325"]
[BlackElo "2415"]

1.e4 c5 2.Nf3 d6 3.Bb5+ Nd7 4.O-O a6 5.Bd3 g6 6.c3 Bg7 7.Bc2 Ne5 8.Nxe5 dxe5
9.d3 Nf6 10.Nd2 O-O 11.a4 b6 12.Qe2 Ra7 13.Nc4 Nh5 14.Be3 Be6 15.Rfd1 Qb8
16.a5 b5 17.Nb6 Rc7 18.g3 Nf6 19.f3 Nd7 20.Qf2 Nxb6 21.axb6 Qxb6 22.b4 Qb7
23.Bxc5 Ra8 24.Ra5 Qc8 25.Rda1 h5 26.Bd1 Bh6 27.R5a3 Bd7 28.Kh1 Bc6 29.Bb3 Bb7
30.Qa2 e6 31.Qf2 Rd7 32.d4 exd4 33.cxd4 Qd8 34.Rd1 Qf6 35.Kg1 Rad8 36.Ba2 h4
37.Rad3 hxg3 38.hxg3 Bf8 39.Kg2 Bg7 40.Qe3 g5 41.Bb1 Bf8 42.R3d2 Qg7 43.g4 Qf6
44.Kg3 Bh6 45.Rh1 Qf4+ 46.Qxf4 gxf4+ 47.Kf2 Bf8 48.Rhd1 Be7 49.Ba2 Kg7 50.d5 exd5
51.exd5 Bf6 52.d6 Rh8 53.Kg2 Rh4 54.Bd5 Bxd5 55.Rxd5 Kg6 56.Bf2 Rh8 57.Rc1 Bd8
58.Rc6 Re8 59.Rxa6 Re2 60.Kf1 Rb2 61.Rxb5 Rb1+ 62.Kg2 Rb2 63.Kg1 Rb1+ 64.Kg2 Rb2
65.Rh5 Bf6 66.Kf1 Rb1+ 67.Kg2 Rb2 68.Rha5 Bc3 69.Ra2 Rxa2 70.Rxa2 Bxb4 71.Ra4 Bxd6
72.Rd4 Rd8  1/2-1/2

[Event "Bad Woerishofen op"]
[Site "Bad Woerishofen"]
[Date "1989.??.??"]
[Round "?"]
[White "Klundt, Klaus"]
[Black "Mainka, Romuald"]
[Result "0-1"]
[WhiteElo "2395"]
[BlackElo "2410"]

1.e4 c5 2.Nf3 d6 3.Bb5+ Bd7 4.a4 Nc6 5.O-O Nf6 6.d3 g6 7.Nbd2 Bg7 8.Nc4 O-O
9.Re1 d5 10.exd5 Nxd5 11.Bg5 f6 12.Bd2 e5 13.c3 Kh8 14.Qb3 Bg4 15.Bxc6 bxc6
16.Qd1 Nb6 17.Be3 Qd5 18.Ncd2 Rfd8 19.a5 Nd7 20.Qa4 Bf5 21.d4 cxd4 22.cxd4 e4
23.Nh4 Be6 24.f3 f5 25.Rac1 Rac8 26.g3 c5 27.fxe4 fxe4 28.Bf2 Nf6 29.Ng2 Bh6
30.Rcd1 Bg4 31.Nc4 Bxd1 32.Rxd1 Ng4 33.Nge3 Bxe3 34.Nxe3 Nxe3 35.Bxe3 Rb8
36.Rd2 Rb4 37.Qa3 Rb3 38.dxc5 Rxa3 39.Rxd5 Ra1+  0-1

[Event "Bad Woerishofen op"]
[Site "Bad Woerishofen"]
[Date "1989.??.??"]
[Round "?"]
[White "Kraut, Rainer"]
[Black "Lau, Ralf"]
[Result "1/2-1/2"]
[WhiteElo "2395"]
[BlackElo "2475"]

1.e4 c5 2.Nf3 d6 3.Bb5+ Bd7 4.Bxd7+ Nxd7 5.O-O Ngf6 6.Qe2 e6 7.d4 cxd4 8.Nxd4 Be7
9.c4 O-O 10.Nc3 Re8 11.Rd1 a6 12.b3 Rc8 13.Bb2 Qc7 14.Rac1 Qb8 15.Nc2 Bf8
16.Ne3 b6 17.f3 Qb7 18.Rc2 Rc6 19.Rcd2 Rec8 20.Nb1 b5 21.Na3 b4 22.Nac2 Re8
23.Qf2 Qb6 24.c5 Qxc5 25.Bd4 Qa5 26.Nc4 Rxc4 27.bxc4 Qxa2 28.Qf1 Rc8 29.Nxb4 Qxc4
30.Qxc4 Rxc4 31.Nxa6 d5 32.Rb1 h6 33.Nb8  1/2-1/2